Complete the Card - WWE Backlash 2006 - Statistics

General Stats
  • This quiz has been taken 15 times
  • The average score is 14 of 16
Answer Stats
Answer % Correct
Edge
100%
John Cena
100%
Rob Van Dam
100%
Shawn Michaels
100%
Triple H
100%
Kane
89%
Mickie James
89%
Shane McMahon
89%
Trish Stratus
89%
Vince McMahon
89%
Shelton Benjamin
78%
The Big Show
78%
Umaga
78%
Ric Flair
67%
Carlito
56%
Chris Masters
56%
No matching quizzes found
Score Distribution
Percent of People with Each Score
Percentile by Number Answered
Your Score History
You have not taken this quiz